• 首页
  • 本馆介绍
  • 公告通知
  • 最新文献
  • 馆藏检索
  • 电子资源
  • 读者导购
  • 参考咨询
  • 我的图书馆
  • 登录
  • 详细信息显示
  • 放入我的书架
  • 预约/预借图书
  • 作者相关作品
  • 分类相关作品
  • 丛书相关作品
  • 出版社相关作品

书目信息

  • 表格格式
  • 工作单格式
  • 卡片格式
题名:
中国基层社会自治
    
 
作者: 周庆智 著
分册:  
出版信息: 北京   中国社会科学出版社  2017
页数: 289页
开本: 24cm
丛书名:
单 册:
中图分类: D638
科图分类:
主题词: 基层组织--群众自治--研究--中国
电子资源:
ISBN: 978-7-5203-0860-1
000 00983nam0 2200265 450
001 012001005705
005 20080820171916.0
010    @a978-7-5203-0860-1@dCNY78.00
100    @a20180217d2017 em y0chiy50 ea
101 0  @achi
102    @aCN@b110000
105    @aak o 000yy
106    @ar
200 1  @a中国基层社会自治@9zhong guo ji ceng she hui zi zhi@dCommunity-level social autonomy in China@f周庆智著@zeng
210    @a北京@c中国社会科学出版社@d2017
215    @a289页@c图@d24cm
300    @a中国社会科学院文库 法学社会学研究系列
300    @a中国社会科学院创新工程学术出版资助项目
330    @a本书主要包括基层社会自治、集权制与代理治理、基层治理的权威主义、乡村治理、社区治理、基层社会秩序、建构基层社会自治等十一章内容。
510 1  @aCommunity-level social autonomy in China@zeng
606 0  @a基层组织@x群众自治@x研究@y中国
690    @aD638@v5
701  0 @a周庆智@9zhou qing zhi@4著
801  0 @aCN@b上海新华@c20181010
905    @b1167571-5@dD638@e380@f5
    
    中国基层社会自治=Community-level social autonomy in China/周庆智著.-北京:中国社会科学出版社,2017
    289页:图;24cm
    中国社会科学院文库 法学社会学研究系列.-中国社会科学院创新工程学术出版资助项目
    
    ISBN 978-7-5203-0860-1:CNY78.00
    本书主要包括基层社会自治、集权制与代理治理、基层治理的权威主义、乡村治理、社区治理、基层社会秩序、建构基层社会自治等十一章内容。
●
相关链接 在E读中查询图书 在五车中查询图书 在当当中查询图书 在豆瓣中查询图书


正题名:中国基层社会自治     索取号:D638/380         预约/预借

序号 登录号 条形码 馆藏地/架位号 状态 备注
1 1167571   211675711   第一样本阅览室/ [索取号:D638/380] 在馆    
2 1167572   211675720   第一借阅区/ [索取号:D638/380] 在馆    
3 1167573   211675739   第一借阅区/ [索取号:D638/380] 在馆    
4 1167574   211675748   中国特色社会主义理论体系唐师研究基地/ [索取号:D638/380] 在馆    
5 1167575   211675757   密集书库-史法系/ [索取号:D638/380] 在馆    
唐山师范学院图书馆 欢迎您!
大连网信软件有限公司© 版权所有